000 00432nam a2200157 i 4500
001 bg
245 0 _aIlustrowany leksykon lotniczy :
_bosprzęt i radioelektronika /
_c[aut. haseł Bohdan Sawicki, Waldemar Pudło].
260 _aWarszawa :
_bWKiŁ,
_c1990.
650 9 _aLotnictwo
655 _aEncyklopedie
040 _cBPK
041 _apol
080 _a629.7(03)
942 _cKS
008 s pl f |000 0 pol
999 _c29346
_d29346
856 _uhttp://koha.tu.koszalin.pl/cgi-bin/koha/opac-detail.pl?biblionumber=29346
_yKatalog online BPK